Reflexión crítica sobre una experiencia de investigación acción en Colombia

Bewaard in:
Bibliografische gegevens
Hoofdauteur: Rudqvist, Anders
Formaat: Texto
Gepubliceerd in: Cartagena: A.I.S.
Tags: Voeg label toe
Geen labels, Wees de eerste die dit record labelt!

MARC

LEADER 00000 a a2200000 04500
001 16704
003
040
090 |a 011300  
100 |a Rudqvist, Anders  
245 |a Reflexión crítica sobre una experiencia de investigación acción en Colombia  
260 |a Cartagena:   |b A.I.S.  
300 |a 27 p.  
999 |c 12348  |d 12348